000 00776cpcaa2200241 4500
001 mm 79001422
003 DLC
005 20260227111636.0
008 790521|||||||||||| eng
010 _amm 79001422
040 _aDLC
_cDLC
_edacs
_dDLC
072 7 _aC
_2lcmd
100 1 _aForbes, John,
_d1714-1796.
245 0 0 _aJohn Forbes letter,
_f1778.
300 _a1
_fitem.
506 0 _aOpen to research.
545 0 _aBritish naval officer.
546 _aCollection material in English.
580 _aForms part of: Miscellaneous Manuscripts collection.
656 7 _aNaval officers, British.
_2itoamc
999 _c40781
_d40781